| 000 | 00355nam a2200109Ia 4500 | ||
|---|---|---|---|
| 008 | 171211s9999 xx 000 0 und d | ||
| 245 | _aRourke's World of Science Encyclopedia, 10 Volume Set | ||
| 245 | _cLuana K. Mitten and No Authorship | ||
| 260 | _c2008 | ||
| 650 | _xEncyclopedia and Dictionary | ||
| 856 | _uhttp://down.ebook777.com/056/1600446469.pdf | ||
| 999 |
_c350188 _d350188 |
||